Microcontroller Based Controller for UAV (Record no. 326696)

000 -LEADER
fixed length control field 00331 a2200121 4500
001 - CONTROL NUMBER
control field 91623
082 ## - DEWEY DECIMAL CLASSIFICATION NUMBER
Classification number PR 1604
090 ## - LOCALLY ASSIGNED LC-TYPE CALL NUMBER (OCLC); LOCAL CALL NUMBER (RLIN)
-- 43778
-- 43777
100 ## - MAIN ENTRY--PERSONAL NAME
Personal name Aamir Khalil; Prof faraz Ahmed and Omer Bashir, Advisors
245 ## - TITLE STATEMENT
Title Microcontroller Based Controller for UAV
Number of part/section of a work 52 "B" EC
260 ## - PUBLICATION, DISTRIBUTION, ETC.
Place of publication, distribution, etc. Rawalpindi
Name of publisher, distributor, etc. NUST
Date of publication, distribution, etc. 2000
300 ## - PHYSICAL DESCRIPTION
Extent 54p
942 ## - ADDED ENTRY ELEMENTS (KOHA)
Institution code [OBSOLETE] CAE NUST
Call number prefix PR 1604
Holdings
Withdrawn status Lost status Damaged status Not for loan Collection code Permanent Location Current Location Date acquired Total Checkouts Full call number Barcode Date last seen Price effective from Koha item type
          College of Aeronautical Engineering (CAE) College of Aeronautical Engineering (CAE) 04/03/2017   PR 1604 CAEPR-1604 04/05/2017 04/05/2017 Book
© 2023 Central Library, National University of Sciences and Technology. All Rights Reserved.